Vývoj peněžních příjmů domácností v roce 1997
Zhoršenie príjmovej situácie obyvateľstva ČR v roku 1997. Diferenciácia miezd na úrovni jednotlivých zamestnancov. Realizácia priemerného starobného dôchodku. Sociálne príjmy domácností. Štruktúra peňažných výdavkov domácností.
Gespeichert in:
| 1. Verfasser: | |
|---|---|
| Format: | Buchkapitel |
| Sprache: | Tschechisch |
| Schlagworte: | |
| Tags: |
Keine Tags, Fügen Sie das erste Tag hinzu!
|
MARC
| LEADER | 00000naa a2200000 4500 | ||
|---|---|---|---|
| 001 | r032397 | ||
| 005 | 20230913070801.4 | ||
| 041 | 0 | |a cze | |
| 044 | |a CZ | ||
| 245 | 1 | 0 | |a Vývoj peněžních příjmů domácností v roce 1997 |c Eva Holánová |
| 520 | |a Zhoršenie príjmovej situácie obyvateľstva ČR v roku 1997. Diferenciácia miezd na úrovni jednotlivých zamestnancov. Realizácia priemerného starobného dôchodku. Sociálne príjmy domácností. Štruktúra peňažných výdavkov domácností. | ||
| 610 | 2 | 0 | |a príjmy obyvateľstva |
| 610 | 2 | 0 | |a domácnosti |
| 610 | 2 | 0 | |a príjmy rodinné |
| 610 | 2 | 0 | |a Česko |
| 610 | 2 | 0 | |a účty rodinné |
| 610 | 2 | 0 | |a mzdy |
| 610 | 2 | 0 | |a zamestnanci |
| 610 | 2 | 0 | |a podpory |
| 610 | 2 | 0 | |a mzdy nominálne |
| 610 | 2 | 0 | |a ceny spotrebiteľské |
| 610 | 2 | 0 | |a náklady životné |
| 610 | 2 | 0 | |a dávky sociálne |
| 100 | 1 | |a Holánová, Eva | |